Biomedical Instrumentation and Measurements (Record no. 112736)

MARC details
000 -LEADER
fixed length control field 00461nam a2200157Ia 4500
003 - CONTROL NUMBER IDENTIFIER
control field OSt
005 - DATE AND TIME OF LATEST TRANSACTION
control field 20230118142345.0
008 - FIXED-LENGTH DATA ELEMENTS--GENERAL INFORMATION
fixed length control field 211119s9999||||xx |||||||||||||| ||und||
040 ## - CATALOGING SOURCE
Transcribing agency SBCL
082 ## - DEWEY DECIMAL CLASSIFICATION NUMBER
Classification number 610.284
Item number CRO-B
100 ## - MAIN ENTRY--PERSONAL NAME
Personal name Cromwell, Leslie
245 #0 - TITLE STATEMENT
Title Biomedical Instrumentation and Measurements
260 ## - PUBLICATION, DISTRIBUTION, ETC.
Name of publisher, distributor, etc. PHI Learning Pvt.Ltd.
Place of publication, distribution, etc. New Delhi
Date of publication, distribution, etc. 2011
650 ## - SUBJECT ADDED ENTRY--TOPICAL TERM
Topical term or geographic name entry element Technology
942 ## - ADDED ENTRY ELEMENTS (KOHA)
Koha item type BOOK
650 ## - SUBJECT ADDED ENTRY--TOPICAL TERM
Form subdivision Incidence & prevention of diseasesZoology
General subdivision General Stack
Holdings
Withdrawn status Lost status Source of classification or shelving scheme Damaged status Not for loan Home library Current library Date acquired Cost, normal purchase price Total Checkouts Full call number Barcode Shelving location Date last seen Copy number Price effective from Koha item type Public note
    Dewey Decimal Classification     SB LIBRARY SB LIBRARY 19/11/2021 200.00   610.284 CRO-B 126193 GENERAL STACK 19/11/2021 2 19/11/2021 BOOK 2nd Edition

Powered by Koha